000
00223 a2200097 4500
001
47092
100
_a
Churchill W
245
_a
The Second World War (Vol-III)
260
_a
London
_b
Cassell & Co
_c
090
_c
30154
_d
30154
942
_a
NUST-CAE
_c
M
_c
22397
999
_c
282165
_d
282165